Normal view MARC view
  • Illa Boris, Jordi,

Entry Nombre Personal

Number of records used in: 1

001 - NUMERO DE CONTROL

  • campo de control: 43435

003 - IDENTIFICADOR DE NUMERO DE CONTROL

  • campo de control: UPN

005 - FECHA Y HORA DE LA ÜLTIMA TRANSACCIÓN

  • campo de control: 20211007174042.0

008 - DATOS DE LONGITUD FIJA

  • campo de control de longitud fija: 211007|g aca||aaan | aaa d

040 ## - FUENTE DE CATALOGACIÓN

  • Agencia original de catalogación: UPN

053 #4 - NÚMERO DE CLASIFICACIÓN LC

  • Número de clasificación elemento-número único o número inicial de tramo: PQ6659 L4.2

100 1# - ENCABEZAMIENTO - NOMBRE PERSONAL

  • Nombre personal: Illa Boris, Jordi,
  • Fechas asociadas con el nombre: 1968-

670 ## - FUENTE EN LA QUE SE LOCALIZARON DATOS

  • Cita de la fuente: T
  • Información localizada: http://www.premionostromo.org/es/ganadores/mar-de-fondo-en-la-regata-a-baleares/_id:16/

680 ## - NOTA PUBLICA DE ACCESO PÚBLICO

  • Frase explicativa de la referencia: Historiador y asiduo navegante español

902 ## - CATALOGADOR

  • Catalogador: CAA/071021